| 000 | 01436nam a2200181Ia 4500 | ||
|---|---|---|---|
| 008 | 151202s9999||||xx |||||||||||||| ||und|| | ||
| 082 | _bPNVM-79966 | ||
| 100 | _aआर्चर जेफ्री/अनु.सोहोनी लीना. | ||
| 245 | _aकेन अँड एबल- जगाच्या दोन विरुध्द टोकांवर एकाच दिवशी एकाच वेळी अत्यंत भिन्न परिस्थितीत जन्माला आलेल्या | ||
| 260 | _b"मेहता पब्लिशिंग हाऊस,पुणे." | ||
| 260 | _c2013 | ||
| 300 | _a634 | ||
| 600 | _aआर्चर जेफ्री/अनु.सोहोनी लीना. | ||
| 630 | _aकेन अँड एबल- जगाच्या दोन विरुध्द टोकांवर एकाच दिवशी एकाच वेळी अत्यंत भिन्न परिस्थितीत जन्माला आलेल्या | ||
| 700 | _aआर्चर जेफ्री/अनु.सोहोनी लीना. | ||
| 730 | _aकेन अँड एबल- जगाच्या दोन विरुध्द टोकांवर एकाच दिवशी एकाच वेळी अत्यंत भिन्न परिस्थितीत जन्माला आलेल्या | ||
| 942 | _cBOOK | ||
| 999 |
_c1344575 _d1344572 |
||